• 首页
  • 本馆介绍
  • 公告通知
  • 最新文献
  • 馆藏检索
  • 电子资源
  • 读者导购
  • 参考咨询
  • 我的图书馆
  • 登录
  • 详细信息显示
  • 放入我的书架
  • 预约/预借图书
  • 作者相关作品
  • 分类相关作品
  • 丛书相关作品
  • 出版社相关作品

书目信息

  • 表格格式
  • 工作单格式
  • 卡片格式
题名:
百菊集谱
    
 
作者: 史铸 撰
分册:  
出版信息: 北京   中国书店  2018.02
页数: 296页
开本: 27cm
丛书名:
单 册:
中图分类: S682.1
科图分类:
主题词: 菊花--文化--中国--宋代
电子资源:
ISBN: 978-7-5149-1887-8
000 00938nam0 2200229 450
001 5359
005 20181015160528.45
010    @a978-7-5149-1887-8@dCNY66.00
100    @a20180412d2018 em y0chiy50 ea
101 0  @achi
102    @aCN@b110000
105    @ay z 000yy
200 1  @a百菊集谱@9bai ju ji pu@f(宋)史铸撰
210    @a北京@c中国书店@d2018.02
215    @a296页@d27cm
300    @a钦定四库全书
330    @a本书共六卷,卷首、补遗各一卷。卷首列举菊的品种160多个。第一、二两卷辑录周师厚《洛阳花木记》中所载的菊名和刘蒙、史正志、范成大、沈竞等谱,再加上书作者的新谱,分别标名为洛阳、虢地、吴中、石湖、禁苑及渚州、赵中等品类。第三卷包括种艺、故事、杂说、方术、辨疑、诗话等六个部分。第五卷主要是胡融谱的摘录。第四、六两卷则全是有关菊的辞章诗赋,与园艺学无关。
606 0  @a菊花@x文化@y中国@z宋代
690    @aS682.1@v5
701  0 @c(宋)@a史铸@9shi zhu@4撰
801  0 @aCN@b91MARC@c20180412
905    @aMuseLib@dS682.1@e491
    
    百菊集谱/(宋)史铸撰.-北京:中国书店,2018.02
    296页;27cm
    钦定四库全书
    
    ISBN 978-7-5149-1887-8:CNY66.00
    本书共六卷,卷首、补遗各一卷。卷首列举菊的品种160多个。第一、二两卷辑录周师厚《洛阳花木记》中所载的菊名和刘蒙、史正志、范成大、沈竞等谱,再加上书作者的新谱,分别标名为洛阳、虢地、吴中、石湖、禁苑及渚州、赵中等品类。第三卷包括种艺、故事、杂说、方术、辨疑、诗话等六个部分。第五卷主要是胡融谱的摘录。第四、六两卷则全是有关菊的辞章诗赋,与园艺学无关。
●
相关链接 在E读中查询图书 在五车中查询图书 在当当中查询图书 在豆瓣中查询图书


正题名:百菊集谱     索取号:S682.1/491         预约/预借

序号 登录号 条形码 馆藏地/架位号 状态 备注
1 1129320   211293205   第二样本阅览室/ [索取号:S682.1/491] 在馆    
2 1129321   211293214   密集书库-文学院/ [索取号:S682.1/491] 在馆    
3 1129322   211293223   第三借阅区/ [索取号:S682.1/491] 在馆    
4 1129323   211293232   第三借阅区/ [索取号:S682.1/491] 在馆    
5 1129324   211293241   第三借阅区/ [索取号:S682.1/491] 在馆    
唐山师范学院图书馆 欢迎您!
大连网信软件有限公司© 版权所有